[Event "Welsh Chess Championship 2016"]
[Site "Cardiff"]
[Date "2016.03.25"]
[Round "2.16"]
[White "Thomas, James"]
[Black "Camp, Syringa Lyn"]
[Result "1-0"]
[WhiteElo "1911"]
[BlackElo "1681"]
[PlyCount "69"]
[EventDate "2016.03.25"]
[EventType "swiss"]
[EventRounds "7"]
[EventCountry "WLS"]

1. e4 c5 2. c3 g6 3. Nf3 Bg7 4. Na3 Nf6 5. e5 Ng4 6. d4 cxd4 7. cxd4 O-O 8. h3
Nh6 9. Bf4 a6 10. Qd2 Nf5 11. g4 Nxd4 12. Nxd4 d6 13. exd6 e5 14. Bg5 Qxd6 15.
Nf3 Qc6 16. Bg2 e4 17. Nd4 e3 18. fxe3 Qc5 19. Bf4 Re8 20. Nac2 Qe7 21. O-O-O
Nc6 22. Nxc6 bxc6 23. Qd6 Qb7 24. Qb4 Qxb4 25. Nxb4 g5 26. Bxc6 gxf4 27. Bxa8
Be6 28. Bd5 Bxd5 29. Nxd5 fxe3 30. Rhe1 e2 31. Rd3 Bh6+ 32. Kc2 Rc8+ 33. Nc3
Re8 34. Rxe2 Rb8 35. Rd6 1-0

[Event "Welsh Chess Championship 2016"]
[Site "Cardiff"]
[Date "2016.03.25"]
[Round "2.18"]
[White "Brown, Thomas"]
[Black "Tomboline, David"]
[Result "1/2-1/2"]
[WhiteElo "2093"]
[BlackElo "1934"]
[PlyCount "75"]
[EventDate "2016.03.25"]
[EventType "swiss"]
[EventRounds "7"]
[EventCountry "WLS"]

1. d4 d5 2. c4 c6 3. Nf3 Nf6 4. e3 Bg4 5. Qb3 Qb6 6. Nc3 Bxf3 7. gxf3 e6 8. Bd2
Nbd7 9. cxd5 Qxb3 10. axb3 exd5 11. Bd3 a6 12. e4 dxe4 13. fxe4 O-O-O 14. e5
Ne8 15. O-O-O Nc7 16. Bc4 Ne6 17. Be3 Nb6 18. Kb1 Kb8 19. f4 g6 20. f5 gxf5 21.
Rhf1 f4 22. Bxf4 Rd7 23. Be3 Nd5 24. Nxd5 cxd5 25. Bd3 h6 26. Rf2 Nd8 27. Bf5
Rc7 28. Bh3 Ka7 29. Rdf1 Be7 30. Rf5 Bg5 31. R1f3 Bxe3 32. Rxe3 Rg8 33. Rf1 Kb6
34. Rc3 Nc6 35. Rf6 Rg1+ 36. Ka2 Rg6 37. Rd6 Ka7 38. Rxg6 1/2-1/2

[Event "Welsh Chess Championship 2016"]
[Site "Cardiff"]
[Date "2016.03.26"]
[Round "3.1"]
[White "Rodriguez, Juan Talavera"]
[Black "Zeidler, Sven P."]
[Result "0-1"]
[WhiteElo "1983"]
[BlackElo "2190"]
[PlyCount "94"]
[EventDate "2016.03.25"]
[EventType "swiss"]
[EventRounds "7"]
[EventCountry "WLS"]

1. e4 d5 2. exd5 Qxd5 3. Nc3 Qa5 4. g3 Nf6 5. Bg2 Bg4 6. Nge2 Nc6 7. h3 Bd7 8.
O-O e5 9. d3 O-O-O 10. Rb1 Bd6 11. a3 Nd4 12. b4 Qb6 13. a4 c6 14. Be3 Nd5 15.
Nxd5 cxd5 16. Kh1 (16. Nxd4 exd4 17. a5 Qc7 18. Bxd4 $18) 16... Bxa4 17. Qd2
Qc7 18. Nxd4 exd4 19. Bxd4 Be5 20. Bxe5 Qxe5 21. Ra1 (21. b5 $1 {Black has no
good way to save the Bishop}) 21... Bc6 22. Rxa7 Rhe8 23. d4 Qf5 $4 (23... Qe2
{White is still winning easily, but Black can justifiably play on.}) 24. Qc3 $1
Kb8 25. Rfa1 Qxf2 26. Ra8+ ({The crowd were expecting :-} 26. b5 {Resigns})
26... Kc7 27. Rxd8 Re2 {suddenly the game is level again} 28. Qf3 Kxd8 29. b5
Bd7 30. Qxd5 Qxg3 31. c4 Ke7 32. Qxb7 Qc3 33. Rf1 $6 ({After another error
strewn sequence White can have excellent winning chances with:-} 33. Qa7 $1)
33... Qxd4 34. Bc6 f6 35. c5 Qd2 $4 36. Bf3 (36. Bxd7 Qxd7 {others also lose
easily} 37. c6 $1 {when Black can resign}) 36... Rh2+ 37. Kg1 Rxh3 38. Qe4+ Be6
39. Bg2 Re3 40. Qb7+ Kf8 41. Qb8+ Kf7 42. Qf4 Qc3 43. c6 Re2 44. Qc7+ (44. Rf2)
44... Kg6 45. Rf3 $4 Qc1+ {engines show that now both Qe1+ and Qd4+ are worth
at least 6, so ought to win!} 46. Rf1 $4 (46. Kh2 Qh6+ 47. Kg1 Qc1+ 48. Kh2 $11
{is a perpetual and White has nothing better.}) 46... Qe3+ 47. Kh2 $4 (47. Kh1
Rxg2 48. Kxg2 Bd5+ {leads to mate, but not as quickly as the move Juan plays.})
47... Qh3+ 0-1

[Event "Welsh Chess Championship 2016"]
[Site "Cardiff"]
[Date "2016.03.26"]
[Round "3.2"]
[White "Thomas, Ben"]
[Black "Bullen, Alex"]
[Result "0-1"]
[WhiteElo "1983"]
[BlackElo "2018"]
[PlyCount "59"]
[EventDate "2016.03.25"]
[EventType "swiss"]
[EventRounds "7"]
[EventCountry "WLS"]

1. e4 c6 2. d4 d5 3. exd5 cxd5 4. c4 Nf6 5. Nc3 Nc6 6. Be3 e6 7. a3 Be7 8. Nf3
O-O 9. c5 a5 10. Rb1 Bd7 11. Be2 Ne4 12. Nxe4 dxe4 13. Nd2 f5 14. g3 Bf6 15.
Nc4 Ne7 16. Nb6 Ra7 17. d5 exd5 18. Nxd5 Nc6 19. Qb3 Be6 20. Bc4 Bxd5 21. Rd1
Kh8 22. Rxd5 Qe7 23. O-O Ne5 24. c6 Nf3+ 25. Kg2 bxc6 26. Bc5 cxd5 27. Bxe7
dxc4 28. Qxc4 Rxe7 29. Rd1 Ne5 30. Rd5 0-1

[Event "Welsh Chess Championship 2016"]
[Site "Cardiff"]
[Date "2016.03.26"]
[Round "3.3"]
[White "Jameson, David"]
[Black "Taylor, Robert Graham"]
[Result "1/2-1/2"]
[WhiteElo "2103"]
[BlackElo "1980"]
[PlyCount "112"]
[EventDate "2016.03.25"]
[EventType "swiss"]
[EventRounds "7"]
[EventCountry "WLS"]

1. e4 c5 2. c3 e5 3. d4 cxd4 4. cxd4 exd4 5. Nf3 Bb4+ 6. Nbd2 Nc6 7. Bd3 Nf6 8.
O-O d6 9. h3 O-O 10. Nb3 Re8 11. a3 Bc5 12. Re1 h6 13. e5 Nd5 14. exd6 Rxe1+
15. Qxe1 Bxd6 16. Nbxd4 Nxd4 17. Nxd4 Qe7 18. Qxe7 Nxe7 19. Be4 Be5 20. Be3 f5
21. Bd3 f4 22. Nf3 Bxb2 23. Ra2 fxe3 24. Rxb2 exf2+ 25. Kxf2 b6 26. Bc4+ Kf8
27. Rd2 Ng6 28. Rd6 Bf5 29. Nd4 Bb1 30. Ne6+ Ke7 31. Rd1 Rc8 32. Rxb1 Rxc4 33.
Nxg7 Rc2+ 34. Kg3 Kf6 35. Ne8+ Kg5 36. Rb5+ Rc5 37. a4 Nh4 38. Nd6 Nf5+ 39.
Nxf5 Rxf5 40. Rb4 Rc5 41. Rg4+ Kf6 42. Rd4 Rc6 43. Kf4 a6 44. Rb4 Ke6 45. Ke4
Kd7 46. g4 Ke6 47. h4 Kf6 48. Kd5 Rc5+ 49. Kd6 Ra5 50. Kc6 b5 51. axb5 axb5 52.
Rxb5 Rxb5 53. Kxb5 Ke5 54. Kc4 Kf4 55. g5 hxg5 56. hxg5 Kxg5 1/2-1/2

[Event "Welsh Chess Championship 2016"]
[Site "Cardiff"]
[Date "2016.03.26"]
[Round "3.4"]
[White "Saunders., Walter N. R"]
[Black "Camp, Syringa Lyn"]
[Result "1-0"]
[WhiteElo "2054"]
[BlackElo "1681"]
[PlyCount "67"]
[EventDate "2016.03.25"]
[EventType "swiss"]
[EventRounds "7"]
[EventCountry "WLS"]

1. Nf3 Nf6 2. c4 c5 3. g3 g6 4. Bg2 Bg7 5. O-O O-O 6. Nc3 d6 7. h3 a6 8. d4
cxd4 9. Nxd4 Qc7 10. Nd5 Nxd5 11. cxd5 e5 12. Nc2 f5 13. Be3 Nd7 14. Rc1 Nf6
15. Na3 Qd8 16. Nc4 b5 17. Bb6 Qd7 18. Na5 Ne8 19. Rc6 Bf6 20. Qc2 Bd8 21. Bxd8
Qxd8 22. b4 Bd7 23. Rc3 Ra7 24. Rc1 Rf7 25. e3 e4 26. Bf1 Qe7 27. Qb3 g5 28.
Nc6 Bxc6 29. dxc6 Nc7 30. a4 Qf6 31. Be2 Kg7 32. Kh2 Qe5 33. R3c2 Kg6 34. Bh5+
1-0

[Event "Welsh Chess Championship 2016"]
[Site "Cardiff"]
[Date "2016.03.26"]
[Round "3.5"]
[White "Ralphs, Nigel"]
[Black "Ehsandar, Peter"]
[Result "1/2-1/2"]
[WhiteElo "2020"]
[BlackElo "1911"]
[PlyCount "66"]
[EventDate "2016.03.25"]
[EventType "swiss"]
[EventRounds "7"]
[EventCountry "WLS"]

1. e4 c5 2. Nf3 d6 3. Bb5+ Nd7 4. d4 a6 5. Bxd7+ Qxd7 6. O-O g6 7. dxc5 dxc5 8.
Qe2 Bg7 9. c3 Qb5 10. Qxb5+ axb5 11. Be3 b6 12. Nbd2 Nf6 13. Bf4 Bb7 14. Rfe1
O-O 15. a3 Rfc8 16. Rad1 Ra4 17. Be5 e6 18. Bxf6 Bxf6 19. e5 Bg7 20. Nf1 Bd5
21. h3 b4 22. axb4 cxb4 23. Rd4 b5 24. cxb4 Rc4 25. Rxd5 exd5 26. b3 Raxb4 27.
bxc4 dxc4 28. Ne3 Bf8 29. Rc1 Bc5 30. Nd2 Rb2 31. Ndxc4 bxc4 32. Rxc4 Bxe3 33.
fxe3 Rb5 1/2-1/2

[Event "Welsh Chess Championship 2016"]
[Site "Cardiff"]
[Date "2016.03.26"]
[Round "3.6"]
[White "Fathallah, Joe"]
[Black "Brown, Thomas"]
[Result "0-1"]
[WhiteElo "1969"]
[BlackElo "2093"]
[PlyCount "50"]
[EventDate "2016.03.25"]
[EventType "swiss"]
[EventRounds "7"]
[EventCountry "WLS"]

1. d4 Nf6 2. c4 c5 3. d5 e6 4. Nc3 exd5 5. cxd5 d6 6. e4 g6 7. f4 Bg7 8. Bb5+
Nfd7 9. a4 Qh4+ 10. g3 Qe7 11. Qe2 O-O 12. Nf3 Na6 13. O-O Nb4 14. Bc4 Nb6 15.
Bb3 Bh3 16. Rd1 Bg4 17. Kg2 Nd7 18. h3 Bxf3+ 19. Kxf3 Rae8 20. Re1 Kh8 21. Bd2
g5 22. Rab1 gxf4 23. gxf4 Qh4 24. Qg2 Nd3 25. Re2 N7e5+ 0-1

[Event "Welsh Chess Championship 2016"]
[Site "Cardiff"]
[Date "2016.03.26"]
[Round "3.7"]
[White "Kett, Tim"]
[Black "Waterfield, John W"]
[Result "1-0"]
[WhiteElo "2180"]
[BlackElo "1912"]
[PlyCount "81"]
[EventDate "2016.03.25"]
[EventType "swiss"]
[EventRounds "7"]
[EventCountry "WLS"]

1. d4 g6 2. e4 Bg7 3. Nc3 c5 4. d5 d6 5. f4 Nf6 6. Nf3 O-O 7. Be2 e6 8. dxe6
Bxe6 9. O-O Nc6 10. Kh1 a6 11. a4 b6 12. Ng5 Nd4 13. Nxe6 fxe6 14. Bd3 Ne8 15.
Ne2 Nc7 16. Nxd4 cxd4 17. Qg4 Qf6 18. Bd2 Rad8 19. f5 Qf7 20. fxe6 (20. Bg5 {
2.77} Rd7 21. fxg6 Qxg6 22. e5) 20... Qxe6 21. Qxe6+ Nxe6 22. Bxa6 Nc5 23. Bc4+
Kh8 24. Bg5 Rxf1+ 25. Bxf1 Ra8 26. Bb5 {0.35} Rf8 27. Bd3 Rf2 28. b4 Nxd3 29.
cxd3 Rb2 30. a5 bxa5 31. bxa5 Rb8 32. Bf4 Be5 33. Bxe5+ dxe5 34. a6 Kg7 35. a7
Ra8 36. Kg1 Kh6 37. Ra5 Kg5 38. Rxe5+ Kf4 39. Ra5 Ke3 40. Ra3 g5 41. h3 1-0

[Event "Welsh Chess Championship 2016"]
[Site "Cardiff"]
[Date "2016.03.26"]
[Round "3.8"]
[White "Bevan, Peter M"]
[Black "Sands, David A"]
[Result "0-1"]
[WhiteElo "1999"]
[BlackElo "2142"]
[PlyCount "98"]
[EventDate "2016.03.25"]
[EventType "swiss"]
[EventRounds "7"]
[EventCountry "WLS"]

1. c4 e5 2. g3 Nf6 3. Bg2 c6 4. d4 exd4 5. Qxd4 Na6 6. Nf3 Bc5 7. Qe5+ Be7 8.
O-O O-O 9. Nc3 Re8 10. Qd4 Nc5 11. e4 d6 12. Rd1 Bg4 13. h3 Bh5 14. Be3 Qc8 15.
Kh2 Bf8 16. g4 Bg6 17. e5 dxe5 18. Nxe5 Qc7 19. Bf4 Qa5 20. Qe3 Ncd7 21. Re1
Nxe5 22. Bxe5 Nd7 23. f4 f6 24. Qd4 Nxe5 25. fxe5 Rad8 26. Qf2 Rxe5 27. Rxe5
Qxe5+ 28. Kh1 Bc5 29. Qe1 Qxe1+ 30. Rxe1 Kf7 31. b3 Bb4 32. Rc1 Rd2 33. a4 Rb2
34. Ne4 Rxg2 35. Kxg2 Bxe4+ 36. Kf2 Bc5+ 37. Kg3 Bd6+ 38. Kf2 Bc5+ 39. Kg3 g6
40. Kf4 f5 41. gxf5 Bxf5 42. h4 Bd6+ 43. Kf3 Ba3 44. Ra1 Be7 45. Kg3 a5 46. Kf4
h5 47. Rc1 Bxh4 48. Ke5 Ke7 49. c5 Bf6+ 0-1

[Event "Welsh Chess Championship 2016"]
[Site "Cardiff"]
[Date "2016.03.26"]
[Round "3.9"]
[White "Pleasants, Allan J"]
[Black "Thomas, James"]
[Result "1/2-1/2"]
[WhiteElo "2072"]
[BlackElo "1911"]
[PlyCount "141"]
[EventDate "2016.03.25"]
[EventType "swiss"]
[EventRounds "7"]
[EventCountry "WLS"]

1. e4 e6 2. d4 d5 3. Nd2 c5 4. e5 Nc6 5. Ngf3 cxd4 6. Bd3 Qc7 7. O-O f6 8. exf6
Nxf6 9. Nb3 Bd7 10. Nbxd4 Nxd4 11. Nxd4 O-O-O 12. Nb5 Bxb5 13. Bxb5 e5 14. Bg5
Bc5 15. Bxf6 gxf6 16. Qf3 Qb6 17. b4 Be7 18. Qf5+ Kb8 19. Bd7 Qd6 20. Be6 d4
21. Rfd1 Qb6 22. a3 Rd6 23. Bb3 Qc7 24. Rd3 Qd7 25. Qe4 h5 26. Re1 Qg4 27. f4
Rf8 28. Rf3 h4 29. Bd5 Qd7 30. Bb3 Qg4 31. fxe5 Qxe4 32. Rxe4 fxe5 33. Rxf8+
Bxf8 34. Rxe5 Rf6 35. g3 h3 36. Be6 Bh6 37. Bf5 Be3+ 38. Kf1 Kc7 39. g4 Bf4 40.
Re7+ Kb6 41. Rh7 Rh6 42. Rxh6+ Bxh6 43. g5 Bxg5 44. Bxh3 a5 45. Bd7 axb4 46.
axb4 Be7 47. b5 Kc7 48. Bf5 b6 49. Ke2 Kd6 50. Kf3 Ke5 51. Kg4 Bb4 52. Kg5 Be7+
53. Kg6 Bh4 54. Bd3 Bf2 55. Kg5 Be3+ 56. Kg4 Bh6 57. Kh5 Be3 58. Kg6 Ke6 59. h4
Bf4 60. h5 Be5 61. h6 Ke7 62. Bc4 Bf6 63. Kh7 Kf8 64. Bb3 Be5 65. Kg6 Ke7 66.
Kf5 Bh8 67. Bc4 Bf6 68. Ke4 Kd6 69. h7 Bh8 70. Kf5 Ke7 71. Kg6 1/2-1/2

[Event "Welsh Chess Championship 2016"]
[Site "Cardiff"]
[Date "2016.03.26"]
[Round "3.10"]
[White "Tomboline, David"]
[Black "Young, Alan"]
[Result "1/2-1/2"]
[WhiteElo "1934"]
[BlackElo "2072"]
[PlyCount "50"]
[EventDate "2016.03.25"]
[EventType "swiss"]
[EventRounds "7"]
[EventCountry "WLS"]

1. d4 d5 2. Bf4 Nf6 3. e3 c5 4. dxc5 Nc6 5. Bb5 e6 6. b4 Ne4 7. Nf3 g5 8. Be5
Rg8 9. Nbd2 Bd7 10. Bxc6 Bxc6 11. Nxe4 dxe4 12. Nd4 Qd5 13. Nxc6 Qxc6 14. O-O
Rd8 15. Qh5 h6 16. f3 Rg6 17. Rad1 Rd5 18. Rxd5 Qxd5 19. f4 gxf4 20. exf4 Qd2
21. g3 Qxb4 22. Bd6 Bxd6 23. cxd6 Qxd6 24. Qb5+ Qd7 25. Qe2 Qd4+ 1/2-1/2

[Event "Welsh Chess Championship 2016"]
[Site "Cardiff"]
[Date "2016.03.26"]
[Round "3.11"]
[White "Van Kemenade, Julie"]
[Black "Heaven, Peter"]
[Result "1/2-1/2"]
[WhiteElo "1728"]
[BlackElo "2033"]
[PlyCount "37"]
[EventDate "2016.03.25"]
[EventType "swiss"]
[EventRounds "7"]
[EventCountry "WLS"]

1. e4 c5 2. d3 e6 3. Nf3 d5 4. Qe2 d4 5. g3 Nc6 6. Bg2 Nf6 7. a3 Be7 8. Nbd2 b5
9. O-O Qc7 10. Ne1 Ba6 11. f4 Rd8 12. Ndf3 h5 13. Ng5 Bc8 14. h3 e5 15. Nef3
Bd6 16. Nh4 Ne7 17. Nhf3 Nc6 18. Nh4 Ne7 19. Nhf3 1/2-1/2

[Event "Welsh Chess Championship 2016"]
[Site "Cardiff"]
[Date "2016.03.26"]
[Round "3.13"]
[White "Robinson, David"]
[Black "Van Kemenade, Rudy"]
[Result "0-1"]
[WhiteElo "1903"]
[BlackElo "1968"]
[PlyCount "50"]
[EventDate "2016.03.25"]
[EventType "swiss"]
[EventRounds "7"]
[EventCountry "WLS"]

1. d4 d6 2. e4 Nf6 3. Nc3 Nbd7 4. Bc4 e5 5. Nf3 Be7 6. Ng5 O-O 7. Bxf7+ Rxf7 8.
Ne6 Qe8 9. Nxc7 Qf8 10. Ne6 Qe8 11. Nc7 Qd8 12. Nxa8 b6 13. dxe5 dxe5 14. Nd5
Bd6 15. Bg5 Bb7 16. Naxb6 Nxb6 17. Bxf6 gxf6 18. Qg4+ Kh8 19. O-O-O Nxd5 20.
exd5 f5 21. Qh5 Qf6 22. Rhe1 e4 23. f3 e3 24. g3 Ba3 25. Rd4 Bxb2+ 0-1

[Event "Welsh Chess Championship 2016"]
[Site "Cardiff"]
[Date "2016.03.26"]
[Round "3.14"]
[White "Shakespeare, John"]
[Black "Staniforth, Matthew"]
[Result "1/2-1/2"]
[WhiteElo "1948"]
[BlackElo "1857"]
[PlyCount "64"]
[EventDate "2016.03.25"]
[EventType "swiss"]
[EventRounds "7"]
[EventCountry "WLS"]

1. d4 c5 2. d5 e5 3. e4 d6 4. Nc3 Be7 5. Nf3 a6 6. a4 Bg4 7. h3 Bxf3 8. Qxf3
Bg5 9. Bxg5 Qxg5 10. h4 Qe7 11. a5 Nd7 12. Nd1 Ngf6 13. Ne3 g6 14. Nc4 Nh5 15.
g3 O-O 16. Bh3 Rab8 17. O-O Ng7 18. Ne3 Kh8 19. Ng2 f5 20. Ra3 fxe4 21. Qxe4
Nf6 22. Qc4 Nf5 23. Rd3 e4 24. Ra3 Qe5 25. Bxf5 gxf5 26. Nf4 Rg8 27. Qc3 Rg4
28. Rd1 Rd8 29. Qxe5 dxe5 30. Ne6 Rxd5 31. Rxd5 Nxd5 32. Nxc5 e3 1/2-1/2

[Event "Welsh Chess Championship 2016"]
[Site "Cardiff"]
[Date "2016.03.26"]
[Round "3.15"]
[White "Guy, David"]
[Black "Turner, Joseph David"]
[Result "1-0"]
[WhiteElo "1882"]
[BlackElo "1894"]
[PlyCount "81"]
[EventDate "2016.03.25"]
[EventType "swiss"]
[EventRounds "7"]
[EventCountry "WLS"]

1. d4 c6 2. c4 d6 3. Nc3 Qc7 4. g3 Nf6 5. Bg2 e5 6. Nf3 Be7 7. O-O Bg4 8. h3
Bh5 9. dxe5 dxe5 10. e4 Nbd7 11. Qc2 h6 12. Nh4 Ng8 13. Nf5 Bf8 14. g4 Bg6 15.
Be3 h5 16. g5 f6 17. h4 Bf7 18. Na4 g6 19. Ng3 fxg5 20. hxg5 h4 21. Ne2 h3 22.
Bf3 Be6 23. c5 h2+ 24. Kh1 Be7 25. b4 Qd8 26. Qd2 Rh4 27. Ng3 Nf8 28. Qc3 Bxg5
29. Rfd1 Qf6 30. Bxg5 Qxg5 31. Nb2 Nf6 32. Nc4 N8d7 33. Nd6+ Kf8 34. Nxb7 Kg7
35. Rd6 Bg4 36. Rad1 Nf8 37. Rxc6 Bxf3+ 38. Qxf3 Rf4 39. Rc7+ Kh6 40. Nd6 Rxf3
41. Nf7+ 1-0

[Event "Welsh Chess Championship 2016"]
[Site "Cardiff"]
[Date "2016.03.26"]
[Round "3.16"]
[White "Kelly, Paul J"]
[Black "Evans, Nicholas Thomas"]
[Result "0-1"]
[WhiteElo "1857"]
[BlackElo "1876"]
[PlyCount "156"]
[EventDate "2016.03.25"]
[EventType "swiss"]
[EventRounds "7"]
[EventCountry "WLS"]

1. e4 e5 2. Nf3 Nc6 3. d4 exd4 4. Bc4 Bc5 5. c3 Nf6 6. cxd4 Bb4+ 7. Bd2 Bxd2+
8. Nbxd2 d5 9. exd5 Nxd5 10. O-O O-O 11. Rc1 Nb6 12. Bb3 Bg4 13. h3 Bh5 14. g4
Bg6 15. Re1 Nxd4 16. Nxd4 Qxd4 17. Rxc7 Rad8 18. Nf1 Qf4 19. Qc1 Qxc1 20. Rexc1
Rc8 21. Ng3 a5 22. a3 Rb8 23. f4 Bd3 24. R1c3 Bb5 25. R3c5 Bc6 26. Rxa5 Rbd8
27. Nf5 Rd3 28. Ne7+ Kh8 29. Nxc6 Rxb3 30. Rxb7 Rc8 31. Nb4 Rxb2 32. Nd3 Rd2
33. Rxb6 Rxd3 34. Rc6 Rb8 35. Rb5 Rbd8 36. a4 h6 37. Kg2 Ra3 38. Rc2 Rxa4 39.
f5 Rd3 40. Rb8+ Kh7 41. Rb7 f6 42. Rb1 Raa3 43. Rh1 Rg3+ 44. Kf2 Rxh3 45. Rxh3
Rxh3 46. Rc5 h5 47. gxh5 Kh6 48. Kg2 Ra3 49. Rb5 Kxh5 50. Rb2 Ra5 51. Rf2 Kg5
52. Kg1 Rxf5 53. Rg2+ Kh5 54. Rh2+ Kg6 55. Kg2 Kg5 56. Kg3 Rf4 57. Rh7 g6 58.
Ra7 f5 59. Ra6 Rb4 60. Ra3 Re4 61. Kf3 Rh4 62. Ra5 Rh3+ 63. Kg2 Rb3 64. Ra6 Kh5
65. Rf6 Kg5 66. Ra6 f4 67. Kf2 Kf5 68. Rc6 g5 69. Rc8 Kg4 70. Rc2 Rh3 71. Kg1
f3 72. Rc5 Kf4 73. Ra5 g4 74. Rb5 Kg3 75. Rb3 Rh2 76. Ra3 Rb2 77. Ra1 Rg2+ 78.
Kh1 Rh2+ 0-1

[Event "Welsh Chess Championship 2016"]
[Site "Cardiff"]
[Date "2016.03.26"]
[Round "4.1"]
[White "Zeidler, Sven P."]
[Black "Bullen, Alex"]
[Result "1-0"]
[WhiteElo "2190"]
[BlackElo "2018"]
[PlyCount "127"]
[EventDate "2016.03.25"]
[EventType "swiss"]
[EventRounds "7"]
[EventCountry "WLS"]

1. e4 c6 2. Nf3 d5 3. exd5 cxd5 4. Ne5 Nc6 5. d4 Nf6 6. Bb5 Bd7 7. Nc3 e6 8.
O-O Be7 9. Re1 O-O 10. Bg5 a6 11. Bxc6 Bxc6 12. Re3 Nd7 13. Bxe7 Qxe7 14. Nxd7
Qxd7 15. Qg4 Rae8 16. Rae1 f5 17. Qe2 Rf6 18. f4 Qc7 19. Re5 Qb6 20. Nxd5 Qxd4+
21. Qe3 Qxe3+ 22. R1xe3 Bxd5 23. Rxd5 Rc8 24. Rd2 Rc6 25. Rb3 b6 26. Rdd3 Rf7
27. Rbc3 Rfc7 28. Rxc6 Rxc6 29. c3 Kf7 30. Rd7+ Kf6 31. h4 h6 32. h5 b5 33. a3
Rc4 34. g3 a5 35. Rb7 Rc5 36. Kf2 e5 37. Rb6+ Kf7 38. fxe5 Rxe5 39. Kf3 Rd5 40.
Kf4 Rc5 41. b4 axb4 42. cxb4 Rd5 43. Rc6 Rd3 44. Rc5 Rxa3 45. Rxf5+ Ke6 46.
Rxb5 Rb3 47. Rb6+ Kf7 48. g4 Rb1 49. Ke5 Rg1 50. Kf4 Rf1+ 51. Kg3 Rg1+ 52. Kf3
Rf1+ 53. Kg2 Rb1 54. b5 Rb3 55. Kf2 Rb1 56. Kg3 Rg1+ 57. Kf4 Rf1+ 58. Ke5 Rb1
59. Rb7+ Kg8 60. b6 Rb4 61. Ke6 Rxg4 62. Rc7 Kh7 63. b7 Rg5 64. Rc8 1-0

[Event "Welsh Chess Championship 2016"]
[Site "Cardiff"]
[Date "2016.03.26"]
[Round "4.2"]
[White "Kett, Tim"]
[Black "Saunders., Walter N. R"]
[Result "1-0"]
[WhiteElo "2180"]
[BlackElo "2054"]
[PlyCount "67"]
[EventDate "2016.03.25"]
[EventType "swiss"]
[EventRounds "7"]
[EventCountry "WLS"]

1. e4 d6 2. d4 g6 3. Nc3 Bg7 4. Be3 a6 5. Qd2 b5 6. O-O-O Bb7 7. f3 Nd7 8. h4
h5 9. Kb1 Ngf6 10. Nh3 e5 11. Ng5 Qe7 12. g3 O-O 13. Bg2 Rad8 14. Rhe1 exd4 15.
Bxd4 Ne5 16. Nd5 Nxd5 17. exd5 Bxd5 18. f4 Bxg2 19. Qxg2 c5 20. Bg1 d5 21. fxe5
d4 22. g4 hxg4 23. Qxg4 Rd5 24. Nf3 Qe6 25. Qe4 Re8 26. c3 f5 27. Qc2 dxc3 28.
Rxd5 Qxd5 29. Qxc3 c4 30. Bd4 b4 31. Qe3 Re6 32. h5 gxh5 33. Rg1 Kh8 34. Qg5
1-0

[Event "Welsh Chess Championship 2016"]
[Site "Cardiff"]
[Date "2016.03.26"]
[Round "4.3"]
[White "Sands, David A"]
[Black "Rodriguez, Juan Talavera"]
[Result "1/2-1/2"]
[WhiteElo "2142"]
[BlackElo "1983"]
[PlyCount "122"]
[EventDate "2016.03.25"]
[EventType "swiss"]
[EventRounds "7"]
[EventCountry "WLS"]

1. d4 Nf6 2. c4 e6 3. Nc3 Bb4 4. e3 O-O 5. Nge2 d5 6. a3 Bd6 7. Ng3 b6 8. cxd5
exd5 9. Be2 Re8 10. O-O Bb7 11. b4 Nbd7 12. Qb3 a6 13. a4 h5 14. Ba3 h4 15. Nf5
Bf8 16. Nxh4 Ne4 17. Nxe4 Qxh4 18. Nd2 Re6 19. b5 axb5 20. axb5 Rxa3 21. Rxa3
Bd6 22. g3 Qh3 {3.71} 23. Rfa1 Rh6 24. Nf1 Bxa3 25. Rxa3 Nf6 26. Ra7 Qc8 27.
Qc2 Ne4 28. Qd1 Rf6 29. f3 {0.49} Nd6 30. Ra3 Qe8 31. Qb1 Nf5 32. Kf2 {0.48} g6
33. Rc3 Re6 34. Qd3 Re7 35. Qc2 Qd7 36. Qd3 Nd6 37. Rb3 Kg7 38. Kg2 Bc8 39. g4
Qe8 40. h3 Bd7 41. Nd2 f5 (41... Bxb5 42. Rxb5 Rxe3) 42. Kf2 Be6 43. Rc3 Rf7
44. Kg2 Qf8 45. Bf1 fxg4 46. hxg4 Qc8 47. Qe2 Bd7 48. Rb3 Qa8 49. Qd1 Qa2 50.
Kg1 Be6 51. Rc3 Qa5 52. Qc2 Nxb5 53. Bxb5 Qxb5 54. Rxc7 Bd7 55. Qd1 Qd3 56. Qe1
Qb5 57. Qg3 Qa4 58. Qe5+ Kg8 59. Qxd5 Qd1+ 60. Nf1 Be8 61. Rxf7 Bxf7 1/2-1/2

[Event "Welsh Chess Championship 2016"]
[Site "Cardiff"]
[Date "2016.03.26"]
[Round "4.4"]
[White "Ehsandar, Peter"]
[Black "Jameson, David"]
[Result "1/2-1/2"]
[WhiteElo "1911"]
[BlackElo "2103"]
[PlyCount "63"]
[EventDate "2016.03.25"]
[EventType "swiss"]
[EventRounds "7"]
[EventCountry "WLS"]

1. e4 e5 2. Nf3 Nc6 3. Bb5 a6 4. Ba4 Nf6 5. d3 Bc5 6. Bxc6 dxc6 7. Nbd2 Qe7 8.
Nc4 Bd6 9. h3 h6 10. Qe2 c5 11. O-O O-O 12. Bd2 b5 13. Ne3 Bd7 14. Rfe1 c6 15.
Nh2 Rfe8 16. Qf3 g6 17. Nhg4 Nxg4 18. hxg4 Kg7 19. Qh3 h5 20. Qg3 hxg4 21. Nxg4
Rh8 22. Nh2 Qh4 23. Qxh4 Rxh4 24. Nf3 Rh5 25. Kf1 Be6 26. a4 Rh1+ 27. Ke2 Rhh8
28. Ng5 Bg4+ 29. Nf3 Be6 30. Ng5 Bg4+ 31. Nf3 Be6 32. Ng5 1/2-1/2

[Event "Welsh Chess Championship 2016"]
[Site "Cardiff"]
[Date "2016.03.26"]
[Round "4.5"]
[White "Brown, Thomas"]
[Black "Thomas, Ben"]
[Result "1-0"]
[WhiteElo "2093"]
[BlackElo "1983"]
[PlyCount "73"]
[EventDate "2016.03.25"]
[EventType "swiss"]
[EventRounds "7"]
[EventCountry "WLS"]

1. d4 b6 2. c4 Bb7 3. Nc3 e6 4. a3 Nf6 5. Nf3 d5 6. cxd5 exd5 7. Bg5 Be7 8. e3
O-O 9. Bd3 Nbd7 10. O-O c5 11. Rc1 Rc8 12. dxc5 bxc5 13. Bf5 Rb8 14. Bf4 Rc8
15. Ne5 g6 16. Bh3 d4 17. exd4 cxd4 18. Nxd7 Nxd7 19. Qxd4 f5 20. Bh6 Rf7 21.
Qxa7 Nc5 22. Rfd1 Qe8 23. b4 Nb3 24. Qxb7 Nxc1 25. Nd5 Bh4 26. Qa6 Rc6 27. Qb5
Bxf2+ 28. Kf1 Nb3 29. Bg5 Nd4 30. Qd3 Re6 31. Kxf2 Re2+ 32. Kf1 h6 33. Nf6+
Rxf6 34. Bxf6 Nf3 35. Qxf3 Re3 36. Qd5+ Kh7 37. Qd7+ 1-0

[Event "Welsh Chess Championship 2016"]
[Site "Cardiff"]
[Date "2016.03.26"]
[Round "4.6"]
[White "Taylor, Robert Graham"]
[Black "Ralphs, Nigel"]
[Result "1/2-1/2"]
[WhiteElo "1980"]
[BlackElo "2020"]
[PlyCount "66"]
[EventDate "2016.03.25"]
[EventType "swiss"]
[EventRounds "7"]
[EventCountry "WLS"]

1. Nf3 d5 2. e3 c6 3. c4 e6 4. b3 Nf6 5. Bb2 Nbd7 6. Nc3 Bd6 7. d4 O-O 8. Be2
Qe7 9. O-O b6 10. Qc2 Bb7 11. e4 dxe4 12. Nxe4 Nxe4 13. Qxe4 Nf6 14. Qc2 c5 15.
dxc5 Bxc5 16. Ne5 Rad8 17. Rad1 Ne4 18. Bd3 f5 19. Bxe4 Bxe4 20. Qc3 f4 21.
Rxd8 Rxd8 22. Qh3 Bxf2+ 23. Kh1 Rd2 24. Ba3 Bc5 25. Bxc5 bxc5 26. Nf3 Rxa2 27.
Re1 Bxf3 28. Qxf3 Qd6 29. h3 Qd4 30. Qc6 g6 31. Qxe6+ Kg7 32. Qe7+ Kh6 33. Qh4+
Kg7 1/2-1/2